| 000 | 00514cam a2200193ua 4500 | ||
|---|---|---|---|
| 020 | _a0 0 7 100194 8 | ||
| 041 |
_aeng _h |
||
| 082 |
_a005.133 _bHOF/FO |
||
| 100 | _aHoffmann, Thomas R . | ||
| 245 |
_aFORTRAN 77 : a structured disciplined style / _cThomas R Hoffmann. _hTextual Documents |
||
| 250 |
_a3 / _b. |
||
| 260 |
_aNew York : _bMcGraw Hill Book Company , _c1988. |
||
| 300 | _a434 ; . | ||
| 504 | _a | ||
| 700 | 1 | _aDavis , Gordon . | |
| 942 | _cBK | ||
| 999 |
_c9650 _d9650 |
||